000 00336nam a2200133Ia 4500
008 220204s9999 xx 000 0 und d
082 _a657
_bJAI;1
100 _aJain, S P
245 0 _aFundamentals of accountancy. Pt 2 and 3
260 _aDelhi
_bShree Mahavir
_c1974
650 _aAccountancy
700 _aNarang, K L
942 _cBK
999 _c31472
_d31472